Zmeny živnostenského zákona od roku 2019
Zmeny v novelizovanom zákone č. 276/2017 Z. z., č. 170/ 2018 Z.z ,v zákone č 177/2018 Z. z., a zákone č. 216/2018 Z. z.
Salvato in:
| Autore principale: | |
|---|---|
| Natura: | Capitolo di libro |
| Lingua: | slovacco |
| Soggetti: | |
| Tags: |
Nessun Tag, puoi essere il primo ad aggiungerne!!
|
MARC
| LEADER | 00000naa a2200000 4500 | ||
|---|---|---|---|
| 001 | 0250692 | ||
| 005 | 20221104111202.2 | ||
| 041 | 0 | |a slo | |
| 044 | |a SK | ||
| 245 | 1 | 0 | |a Zmeny živnostenského zákona od roku 2019 |
| 520 | |a Zmeny v novelizovanom zákone č. 276/2017 Z. z., č. 170/ 2018 Z.z ,v zákone č 177/2018 Z. z., a zákone č. 216/2018 Z. z. | ||
| 610 | 2 | 0 | |a živnostníci |
| 610 | 2 | 0 | |a zákony |
| 610 | 2 | 0 | |a podnikatelia |
| 610 | 2 | 0 | |a legislatíva |
| 610 | 2 | 0 | |a úpravy právne |
| 610 | 2 | 0 | |a novelizácia |
| 100 | 1 | |a Danajovičová, Katarína | |